000 00826nam a22002297a 4500
005 20260203122422.0
008 260203b |||||||| |||| 00| 0 eng d
020 _a 978-1-78714-541-2
050 _aRA410
_b.H41 2018
245 _aHealth Econometrics
260 _aBingley, UK
_bEmerald Publishing Limited
_c2018
300 _axiv, 391 p. :
_billustrations, maps ;
_c24 cm
440 _aContributions to Economic Analysis Volume 294
500 _aIncludes bibliographical references and index.
650 _aMedical economics
650 _aEconometrics
650 _aEconomics
_xMedical statistics and numerical data
700 _aBaltagi, Badi H.
_eEditor
700 _aSadka, Efraim
_eEditor
856 _uhttps://www.emerald.com/books/edited-volume/10663/Health-Econometrics?searchresult=1
942 _2lcc
_cEBKS
999 _c60114
_d60114